| 000 | 01417nab a22002777a 4500 | ||
|---|---|---|---|
| 999 |
_c5477 _d5477 |
||
| 003 | OSt | ||
| 005 | 20251123231404.0 | ||
| 008 | 190603e xxum|||| |||| 00| 0 spa d | ||
| 040 | _cPJ | ||
| 100 |
_96475 _aOrtiz, Diego Oscar |
||
| 245 | 1 | 3 |
_aLa interpretación de los no-acuerdos en contexto de violencia de género familiar económica / _cDiego Oscar Ortiz. |
| 260 |
_cCiudad Autónoma de Buenos Aires : _aThomson Reuters La Ley, _b2025. |
||
| 300 | _ap. 127-133 | ||
| 500 | _aCita Online: TR LALEY AR/DOC/55/2025. | ||
| 505 | _aSumario: I. Introducción.— II. Los hechos del caso.— III. Los acuerdos entre cónyuges.— IV. La violencia como vicio de la voluntad.— V. El menoscabo de recursos y los supuestos de violencia económica.— VI. Conclusión. | ||
| 505 | _tFallo comentado: ST Río Negro ~ 12/08/2024 ~ A. L. G. C. C. M. M. s/ varios s/ casación. | ||
| 505 | _t¿Te interesa el texto completo? Solicitalo al correo: koha@justierradelfuego.gov.ar | ||
| 650 | 0 |
_93053 _aVIOLENCIA DE GÉNERO |
|
| 650 | 0 |
_91134 _aVIOLENCIA FAMILIAR |
|
| 650 | 0 |
_94044 _aPERSPECTIVA DE GÉNERO |
|
| 650 | 0 |
_9723 _aREGIMEN PATRIMONIAL DEL MATRIMONIO |
|
| 650 | 0 |
_91022 _aLIQUIDACION DE LA SOCIEDAD CONYUGAL |
|
| 650 | 0 |
_95369 _aCÓNYUGE |
|
| 773 | 0 |
_02713 _93170 _dCiudad Autónoma de Buenos Aires : Thomson Reuters La Ley, 2015- _tRevista Código Civil y Comercial. Nº 2 - Abril 2025 |
|
| 942 |
_2udc _cANA |
||